Bioinformatics : (Record no. 15738)

000 -LEADER
fixed length control field 00460cam a22001697a 4500
020 ## - INTERNATIONAL STANDARD BOOK NUMBER
ISBN 9789812838773
020 ## - INTERNATIONAL STANDARD BOOK NUMBER
ISBN 9812838775
040 ## - CATALOGING SOURCE
Transcribing agency SITPL
082 ## - DEWEY DECIMAL CLASSIFICATION NUMBER
Classification number 971 WOR 2009 A105 Or.
245 00 - TITLE STATEMENT
Title Bioinformatics :
Remainder of title a Swiss perspective /
260 ## - PUBLICATION, DISTRIBUTION, ETC. (IMPRINT)
Place of publication Hackensack, NJ :
Name of publisher World Scientific,
Year of publication c2009.
300 ## - PHYSICAL DESCRIPTION
Number of Pages xx, 443 p. :
Other physical details ill. (some col.) ;
Dimensions 24 cm.
650 #0 - SUBJECT ADDED ENTRY--TOPICAL TERM
Topical Term Bioinformatics.
700 1# - ADDED ENTRY--PERSONAL NAME
Personal name Appel, Ron D.
700 1# - ADDED ENTRY--PERSONAL NAME
Personal name Feytmans, Ernest.
942 ## - ADDED ENTRY ELEMENTS (KOHA)
Koha item type សៀវភៅភាសាអង់គ្លេស

No items available.

មជ្ឈមណ្ឌលឯការនៃសាកលវិទ្យាល័យភូមិន្ទកសិកម្មចំការដូង

Powered by Koha